[Event "Reserve Section"]
[Site "Tacoma Chess Club"]
[Date "2007.12.30"]
[Round "4"]
[White "Jusak, Jeremy"]
[Black "Vanmane, Amith"]
[Result "1-0"]
[WhiteElo "1556"]
[BlackElo "1086"]
[PlyCount "83"]
[EventDate "2007.12.??"]
[Source "Harrison"]
[SourceDate "2008.01.01"]

1. e4 c5 2. Nf3 d6 3. d4 cxd4 4. Nxd4 Nf6 5. Nc3 e6 6. Be3 Be7 7. f3 a6 8. Qd2
b5 9. g4 h6 10. O-O-O b4 11. Na4 a5 12. Nb5 d5 13. Bb6 Nxe4 14. fxe4 Bg5 15.
Bxd8 Bxd2+ 16. Rxd2 Kxd8 17. exd5 Bb7 18. dxe6+ Ke7 19. Bg2 Bxg2 20. Rxg2 fxe6
21. Re1 Kf8 22. Rf2+ Ke7 23. Nc7 Ra7 24. Nxe6 Kd7 25. Rf7+ Kd6 26. Rxa7 Re8 27.
Rb7 Nd7 28. Rxd7+ Kxd7 29. Nec5+ Kd8 30. Nb7+ Kc7 31. Rxe8 Kxb7 32. Re7+ Kc6
33. Rxg7 Kb5 34. Nc3+ bxc3 35. bxc3 Kc4 36. Rh7 Kxc3 37. Rxh6 Kb4 38. Kb2 Kb5
39. Rh8 Kb4 40. c3+ Kb5 41. Ka3 Kc4 42. Ka4 {This move was recorded as Kxa4,
thus the scoresheet was inaccurate. White checkmated black 9 moves later.} 1-0

[Event "Reserve Section"]
[Site "Tacoma Chess Club"]
[Date "2007.12.30"]
[Round "4"]
[White "Lopez, Alex"]
[Black "Oberly, Calvin"]
[Result "0-1"]
[WhiteElo "353"]
[BlackElo "1069"]
[PlyCount "104"]
[EventDate "2007.12.??"]
[Source "Harrison"]
[SourceDate "2008.01.01"]

1. d4 d5 2. Nf3 Nc6 3. Nc3 e6 4. e4 dxe4 5. Nxe4 h6 6. a3 Be7 7. c3 Nf6 8. Qd3
O-O 9. b4 Bd6 10. Be2 Nd5 11. c4 Nf4 12. Bxf4 Bxf4 13. g3 Bg5 14. b5 Na5 15. h4
Bf6 16. O-O-O b6 17. Rd2 Bb7 18. Qe3 Bxe4 19. Qxe4 Nb3+ 20. Kc2 Nxd2 21. Kxd2
Re8 22. Kd3 a6 23. Ra1 axb5 24. cxb5 Bxd4 25. Nxd4 Ra4 26. Bd1 Ra5 27. a4 e5
28. f4 exd4 29. Qxd4 Qxd4+ 30. Kxd4 Re1 31. Kc4 g6 32. g4 Re4+ 33. Kd5 Rxf4 34.
h5 gxh5 35. gxh5 Rf5+ 36. Kc6 Rc5+ 37. Kd7 Ra8 38. Ra2 Ra7 39. Rc2 c6+ 40. Kd6
Rd5+ 41. Kxc6 Rxd1 42. Rc4 Ra1 43. Kxb6 R1xa4 44. Rxa4 Rxa4 45. Kc6 Rb4 46. Kc5
Rb1 47. b6 f5 48. Kc6 f4 49. b7 f3 50. Kc7 f2 51. b8=Q+ Rxb8 52. Kxb8 f1=Q 0-1

[Event "Reserve Section"]
[Site "Tacoma Chess Club"]
[Date "2007.12.30"]
[Round "5"]
[White "Meliti, David"]
[Black "Jusak, Jeremy"]
[Result "1-0"]
[WhiteElo "1757"]
[BlackElo "1556"]
[Annotator "Meliti"]
[PlyCount "49"]
[EventDate "2007.12.??"]
[Source "Harrison"]
[SourceDate "2008.01.01"]

1. c4 c5 2. Nf3 Nc6 3. Nc3 Nf6 4. d4 cxd4 5. Nxd4 g6 6. g3 Bg7 7. Bg2 O-O 8.
O-O Qb6 9. Nc2 d6 10. b3 Be6 11. Bb2 Nd7 12. Rb1 Nc5 13. Nd5 Bxd5 14. Qxd5 $2
Bxb2 15. Rxb2 Na4 16. Rbb1 Nc3 17. Qg5 Nxb1 18. Rxb1 Qc7 19. Ne3 e6 20. Qf6
Rab8 (20... Qd8 $142) 21. Ng4 Rfc8 22. Nh6+ Kf8 23. Bh3 Qd7 24. Rd1 Nb4 25.
Rxd6 1-0

[Event "Reserve Section"]
[Site "Tacoma Chess Club"]
[Date "2007.12.30"]
[Round "5"]
[White "Lai, Jingzhou"]
[Black "Buck, Stephen"]
[Result "1/2-1/2"]
[WhiteElo "1613"]
[BlackElo "1783"]
[PlyCount "49"]
[EventDate "2007.12.??"]
[Source "Harrison"]
[SourceDate "2008.01.01"]

1. d4 d5 2. c4 c6 3. Nc3 Nf6 4. e3 e6 5. Nf3 Be7 6. Bd3 O-O 7. O-O dxc4 8. Bxc4
b5 9. Bd3 a6 10. e4 c5 11. e5 Nd5 12. Bb1 Bb7 13. Qe2 cxd4 14. Nxd4 Nxc3 15.
bxc3 Qd5 16. f3 Bc5 17. Be3 Qxe5 18. Re1 Nd7 19. Qd2 Nb6 20. Qd3 g6 21. Bc2 Nc4
22. Bh6 Qh5 23. Bxf8 Rxf8 24. f4 Qd5 25. Qe4 1/2-1/2

[Event "Reserve Section"]
[Site "Tacoma Chess Club"]
[Date "2007.12.30"]
[Round "5"]
[White "Vanmane, Amith"]
[Black "Piper, August"]
[Result "1-0"]
[WhiteElo "1086"]
[BlackElo "1500"]
[PlyCount "69"]
[EventDate "2007.12.??"]
[Source "Harrison"]
[SourceDate "2008.01.01"]

1. e4 c5 2. Nf3 d6 3. d4 cxd4 4. Nxd4 Nf6 5. Nc3 a6 6. Bc4 e6 7. Be3 Nbd7 8. f3
b5 9. Bb3 Nc5 10. a3 Nxb3 11. Nxb3 Bb7 12. Qd2 Rc8 13. O-O-O Qc7 14. g4 d5 15.
exd5 exd5 16. Rhe1 Be7 17. Bc5 Ne4 18. fxe4 Bxc5 19. exd5+ Kd7 20. Nxc5+ Qxc5
21. d6 Rhe8 22. Re7+ Rxe7 23. dxe7+ Bd5 24. Qxd5+ Qxd5 25. Nxd5 Ke8 26. b4 Rc6
27. Kb2 Rd6 28. Nc7+ Kxe7 29. Rxd6 Kxd6 30. Nxa6 Ke5 31. h3 g6 32. Kb3 f5 33.
Nc5 f4 34. Nd3+ Ke4 35. Nxf4 1-0

[Event "Reserve Section"]
[Site "Tacoma Chess Club"]
[Date "2007.12.30"]
[Round "5"]
[White "Yu, Justin"]
[Black "Lopez, Alex"]
[Result "1-0"]
[WhiteElo "1391"]
[BlackElo "353"]
[PlyCount "65"]
[EventDate "2007.12.??"]
[Source "Harrison"]
[SourceDate "2008.01.01"]

1. e4 e5 2. Nf3 Nc6 3. Bc4 Nf6 4. Ng5 Qe7 5. Nxf7 Rg8 6. Nxe5 Nxe5 7. Bxg8 a6
8. d4 Nc6 9. Nc3 d6 10. Bxh7 Bg4 11. Bg6+ Kd8 12. f3 Bh5 13. Bxh5 Nxh5 14. O-O
Nf6 15. e5 dxe5 16. dxe5+ Kc8 17. exf6 gxf6 18. Re1 Qd6 19. Re8+ Nd8 20. Bf4
Qxd1+ 21. Rxd1 Bd6 22. Bxd6 cxd6 23. Rxd6 Kc7 24. Rxf6 a5 25. Nd5+ Kd7 26. Rff8
Rc8 27. Nb6+ Kc7 28. Nxc8 Nc6 29. Rf7+ Kb8 30. Nd6+ Ka7 31. Rxb7+ Ka6 32. Ra8+
Na7 33. Raxa7# 1-0

[Event "Reserve Section"]
[Site "Tacoma Chess Club"]
[Date "2007.12.30"]
[Round "5"]
[White "Oberly, Calvin"]
[Black "Subramani, Ramsamy"]
[Result "0-1"]
[WhiteElo "1069"]
[BlackElo "1305"]
[PlyCount "113"]
[EventDate "2007.12.??"]
[Source "Harrison"]
[SourceDate "2008.01.01"]

1. e4 c5 2. Nf3 d6 3. d4 cxd4 4. Nxd4 Nf6 5. Nc3 a6 6. Be2 e6 7. Bg5 Be7 8. Nf3
Qc7 9. O-O b5 10. Nd4 Bb7 11. Bf3 O-O 12. Re1 Nbd7 13. a3 h6 14. Bf4 e5 15. Nf5
Nc5 16. Nxe7+ Qxe7 17. Bg3 Rfd8 18. Nd5 Nxd5 19. exd5 Rac8 20. b3 f5 21. c4 Qf6
22. Be2 bxc4 23. bxc4 f4 24. Rb1 fxg3 25. hxg3 Rc7 26. f3 Rf8 27. Rf1 Bc8 28.
g4 Bd7 29. Rb4 Rb7 30. Rxb7 Nxb7 31. Qb3 Nc5 32. Qe3 Qf4 33. Qxf4 exf4 34. Rb1
Kf7 35. Rb6 Ke7 36. Kf2 g5 37. g3 fxg3+ 38. Kxg3 Rf4 39. Rb8 Be8 40. Ra8 Bg6
41. Rh8 Bd3 42. Bxd3 Nxd3 43. Rxh6 Rf6 44. Rh5 Ne5 45. Rh7+ Rf7 46. Rxf7+ Kxf7
47. f4 gxf4+ 48. Kxf4 Kg6 49. c5 Nd3+ 50. Ke4 Nxc5+ 51. Kd4 Kg5 52. Kc4 Kxg4
53. Kb4 Kf4 54. Kc4 Ke4 55. Kb4 Kxd5 56. Ka5 Kc4 57. Kb6 0-1